000 00772nam a2200193Ia 4500
001 13249
003 GE_BSU
008 181216s||||||||xx |||||||||||||| ||und||
040 _cGE_BSU
080 _a632
100 _aВеликань, В.С. Гегечкори А.М. голуб,В.Б. и др.
245 _aОпределитель вредных и полезных насекомых и клещей плодовых и ягодных культур в СССР
260 _aЛенинград
260 _bКолос
260 _c1984
300 _a288стр.илл.20см..
653 _aОпределитель вредных и полезных насекомых и клещей плодовых и ягодных культур в СССР
942 _cBK
999 _c46413
_d46413